[Event "Roncana op-C 11th"]
[Site "Santa Eulalia de Roncana"]
[Date "2017.10.21"]
[Round "4.6"]
[White "Bubuteyshvili Opelya, Sergio"]
[Black "Sol Castane, Joan"]
[Result "0-1"]
[WhiteElo "1425"]
[BlackElo "1716"]
[PlyCount "60"]
[EventDate "2017.09.23"]
[EventType "swiss"]
[EventRounds "8"]
[EventCountry "ESP"]
[SourceTitle "EXT 2024"]
[Source "ChessBase"]
[SourceDate "2023.10.10"]
[SourceVersion "1"]
[SourceVersionDate "2023.10.10"]
[SourceQuality "1"]

1. e4 e5 2. Nf3 Nc6 3. d3 Nf6 4. Nc3 Bb4 5. d4 d6 6. d5 Ne7 7. Bb5+ c6 8. dxc6 bxc6 9. a3 Bxc3+ 10. bxc3 cxb5 11. 0-0 a6 12. Bg5 Nxe4 13. Bxe7 Qxe7 14. Qd5 Bb7 15. Qd3 0-0 16. a4 Qd7 17. Qe2 Nxc3 18. Qd3 e4 19. Qxc3 exf3 20. Qxf3 Bxf3 21. gxf3 Qh3 22. Ra3 bxa4 23. Rd1 Rfe8 24. Rxa4 Re6 25. Re4 Rg6+ 26. Rg4 Rxg4+ 27. fxg4 Qxg4+ 28. Kf1 Qxd1+ 29. Kg2 Re8 30. Kh3 Qg1 0-1